|
|
|
|
| LEADER |
00000nam0a2200000 4500 |
| 001 |
102274 |
| 005 |
20231031112940.0 |
| 035 |
|
|
|a (RuTPU)RU\TPU\book\110287
|
| 090 |
|
|
|a 102274
|
| 100 |
|
|
|a 20060921d1963 k y0rusy50 ca
|
| 101 |
0 |
|
|a rus
|
| 102 |
|
|
|a RU
|
| 105 |
|
|
|a a z 001zy
|
| 200 |
1 |
|
|a Долговечность ограждающих и строительных конструкций (физические основы)
|f Академия строительства и архитектуры СССР; Научно-исследовательский институт строительной физики (НИИСФ)
|
| 210 |
|
|
|a Москва
|c Госстройиздат
|d 1963
|
| 215 |
|
|
|a 116 с.
|c ил.
|
| 320 |
|
|
|a Библиогр.: с. 113-114.
|
| 610 |
1 |
|
|a строительная механика
|
| 610 |
1 |
|
|a конструкции строительные
|
| 610 |
1 |
|
|a ограждающие конструкции
|
| 610 |
1 |
|
|a долговечность
|
| 610 |
1 |
|
|a капиллярные системы
|
| 610 |
1 |
|
|a равновесие
|
| 610 |
1 |
|
|a пористые среды
|
| 610 |
1 |
|
|a ледовые отложения
|
| 610 |
1 |
|
|a материалы
|
| 610 |
1 |
|
|a морозостойкость
|
| 610 |
1 |
|
|a микронапряжения
|
| 610 |
1 |
|
|a температурные деформации
|
| 610 |
1 |
|
|a упругость
|
| 610 |
1 |
|
|a упругие постоянные
|
| 610 |
1 |
|
|a измерение
|
| 610 |
1 |
|
|a автокомпенсационные устройства
|
| 675 |
|
|
|a 624.01
|v 3
|
| 712 |
0 |
2 |
|a Академия строительства и архитектуры СССР
|2 stltpush
|3 (RuTPU)RU\TPU\col\7927
|
| 712 |
0 |
2 |
|a Научно-исследовательский институт строительной физики (НИИСФ)
|2 stltpush
|3 (RuTPU)RU\TPU\col\9546
|
| 801 |
|
1 |
|a RU
|b 63413507
|c 20060921
|g PSBO
|
| 801 |
|
2 |
|a RU
|b 63413507
|c 20140416
|g PSBO
|
| 942 |
|
|
|c BK
|